000 01017nam a2200253Ia 4500
008 130821s2010 ck a gr spa
020 _a978 958 42 2371 5
040 _aCo-BoUCM
_bspa
_cJavier Garzón (modificó)
_dNuevo
041 0 0 _aspa
110 2 _aReal Academia Española
_936469
245 1 0 _aNueva gramática de la lengua española manual
_cReal Academía Española, Asociación de Academias de la Lengua Española
260 _aBogotá (Colombia)
_bEditorial Planeta
_c2010
300 _a993 páginas
_bilustraciones
500 _aIncluye índice de contenidos, materias y voces
650 7 _aAnálisis gramatical
_99003
650 7 _aEspañol
_xGramática comparada y general
_97588
650 7 _aEspañol
_xSintaxis
_97588
650 7 _aMorfología (Gramática)
_919769
650 7 _aSintaxis
_924496
650 7 _aTeoría lingüística
_936470
710 2 _aAsociación de Academias de la Lengua Española.
_936471
942 _cLIBRO
_a12
_e1
_mR288
_2DEWEY
_h465
999 _c78953
_d78953